02441nam a22002537a 450000500170000000800410001702000150005804000070007304100080008008200230008810000240011124500190013526000400015430000260019452015860022065000270180665000280183365000280186165000230188970000260191294200120193899900190195095202180196920211029162431.0211029b ||||| |||| 00| 0 eng d a8170492491 cAL aeng 223a355.0092bPADG aS Padmanabhan99343 aGeneral Speaks aNew DelhibManas Publicationsc2005 a234 p.bHBc22x15 cm. aThe Book Raises Vital Questions Of War And Peace And Identifies The Key Players Who Will Determine What Conditions Shall Prevail In The 21St Century South Asia. It Traces The Evolution Of Modern Armies And Assesses, How Well Prepared The Indian Army Is To Face The Challenges Ahead. The Author S Reviews Of The Years 2001 And 2002, When He Was In Command Of The Indian Army, Will Be Read With Considerable Interest, As India And Pakistan Came To The Brink Of War, In 2002. He Examines The Concept Of War For Validity And Ability To Solve Problems In The Modern Era And Concludes That Some Form Of A Warfare Will Continue. He Presents A Scenario Of A Future War And Draws Lessons From The Plans And Actions Of The Belligerants. He Also Deals With Intelligence, At Length, Cross-Border Terrorism And Media Management. His Pleading For The Concept Of Chief Of The Defence Staff (Cds) Will Be Of Special Interests For The Policy Makers, Defence Administrators And Readers At Large. His Views On Political Control Of The Army And The Linkage Between Foreign Policy And National Security Will Evoke Considerable Interest And Perhaps Some Controversy. The Chapters Dealing With The Soldiers Of India And Pakistan, Provide An Insight Into Their Psyche. The Chapter`Piece De Resistance , Of The Book I.E. `Is Peace Breaking Out In South Asia? Has Been Dealt With Balance And Candour And Will Provide The People And The Leaders Of Both India And Pakistan With Some Food For Thought.uhttps://xdasi2021.bio.nyu.edu/71nlp5v0tazj/19-meaghan-treutel-1/general-speaks-9788170492498-7RKEMldVia.pdf aMilitary Science99344 aNational Security99345 aCommand of Troops99346 aArmed Forces99347 aPADMANABHAN (S)99348 2ddccGF c220297d220297 00102ddc40708OTHaALbALd2013-03-24l0o355.0092 PADGpGF00455r2021-10-29 00:00:00uhttps://xdasi2021.bio.nyu.edu/71nlp5v0tazj/19-meaghan-treutel-1/general-speaks-9788170492498-7RKEMldVia.pdfw2021-10-29yGF